| 000 | 00350nam a2200133Ia 4500 | ||
|---|---|---|---|
| 008 | 220204s9999 xx 000 0 und d | ||
| 082 |
_a546 _bAGR |
||
| 100 | _aAgrawal, B L | ||
| 245 | 0 | _aText book of inorganic chemistry. V 1 & V2 | |
| 260 |
_aAgra _bRatan Prakashan _c1977 |
||
| 650 | _aInorganic chemistry | ||
| 700 | _aAgrawal, S K | ||
| 942 | _cBK | ||
| 999 |
_c26814 _d26814 |
||